Cinco loas / (Record no. 64998)
[ view plain ]
| 000 -LEADER | |
|---|---|
| campo de control de longitud fija | 00574nam a2200181 i 4500 |
| 001 - NÚMERO DE CONTROL | |
| campo de control | 64998 |
| 003 - IDENTIFICADOR DE NÚMERO DE CONTROL | |
| campo de control | ES-MaACL |
| 005 - FECHA Y HORA DE LA ÚLTIMA TRANSACCIÓN | |
| campo de control | 20250507063017.0 |
| 007 - CAMPO FIJO DE DESCRIPCIÓN FÍSICA--INFORMACIÓN GENERAL | |
| campo de control de longitud fija | t| |
| 008 - DATOS DE LONGITUD FIJA--INFORMACIÓN GENERAL | |
| campo de control de longitud fija | 040107s1965 sp ||||1| spa d |
| 100 1# - ENTRADA PRINCIPAL--NOMBRE DE PERSONA | |
| Nombre de persona | Fraga Iribarne, Manuel, |
| Fechas asociadas al nombre | 1922-2012 |
| 9 (RLIN) | 193721 |
| 245 10 - MENCIÓN DEL TÍTULO | |
| Título | Cinco loas / |
| Mención de responsabilidad, etc. | Manuel Fraga Iribarne ; con ilustraciones de Gregorio Prieto...[et al.]. |
| 260 ## - PUBLICACIÓN, DISTRIBUCIÓN, ETC. | |
| Lugar de publicación, distribución, etc. | Madrid : |
| Nombre del editor, distribuidor, etc. | Editora Nacional, |
| Fecha de publicación, distribución, etc. | 1965. |
| 300 ## - DESCRIPCIÓN FÍSICA | |
| Extensión | 75 p., 4 lám. ; |
| Dimensiones | 29 cm. |
| 700 1# - ENTRADA AGREGADA--NOMBRE PERSONAL | |
| Nombre de persona | Prieto, Gregorio. |
| 9 (RLIN) | 93885 |
| 852 ## - LOCALIZACIÓN | |
| Ubicación | ES-MaACL |
| Número de control de estantería | C-27518 |
| Sublocalización o colección | R.56609 |
| Estatus retirado | Estado de pérdida | Estado de daño | No para préstamo | Biblioteca de origen | Biblioteca actual | Ubicación en estantería | Fecha de adquisición | Fuente de adquisición | Total de préstamos | Signatura topográfica completa | Código de barras | Visto por última vez | Precio de reemplazo | Tipo de ítem Koha |
|---|---|---|---|---|---|---|---|---|---|---|---|---|---|---|
| Biblioteca del Ateneo de Madrid | Biblioteca del Ateneo de Madrid | Depósito 2 | 17/01/2008 | C-27518 | 1068102 | 23/02/2023 | 23/02/2023 | Libro impreso |
